|
|
|
|
| LEADER |
00973nam a22002297i 4500 |
| 003 |
GR-PaULI |
| 005 |
20230622133414.0 |
| 008 |
170316b1999 gr ||||f |||| 00| 1 gre d |
| 020 |
|
|
|a 9607651154
|
| 040 |
|
|
|a GR-PaULI
|b gre
|c GR-PaULI
|e AACR2
|
| 041 |
1 |
|
|a gre
|k ger
|
| 082 |
0 |
4 |
|2 23
|a 833.914
|
| 100 |
1 |
|
|9 57024
|a Jelinek, Elfriede
|d 1946-
|e συγγραφέας
|
| 245 |
1 |
0 |
|a Λαγνεία /
|c Ελφρίντε Γέλινεκ ; μετάφραση Λευτέρης Αναγνώστου.
|
| 260 |
|
|
|a Αθήνα :
|b Εκκρεμές,
|c 1999.
|
| 300 |
|
|
|a 260 σ. ;
|c 21 εκ.
|
| 765 |
0 |
8 |
|i Μετάφραση του :
|t Lust
|
| 700 |
1 |
|
|a Αναγνώστου, Λευτέρης
|d
|e μεταφραστής
|9 131078
|
| 942 |
|
|
|2 ddc
|c BK15
|
| 952 |
|
|
|0 0
|1 0
|2 ddc
|4 0
|6 833_914000000000000_JEL
|7 0
|9 210895
|a LISP
|b LISP
|c DON
|d 2017-03-16
|e ΒΑΛ
|i 126354
|l 0
|o 833.914 JEL
|p 025000244696
|r 2017-03-16 00:00:00
|t 1
|v 2017.00
|w 2017-03-16
|y BK15
|
| 998 |
|
|
|c ΣΑΤΛΑΝΗΣ
|d 2017-03
|
| 999 |
|
|
|c 128429
|d 128429
|